[Event "Valasska Bystrice op"]
[Site "Valasska Bystrice"]
[Date "2015.09.18"]
[Round "8"]
[White "Svec, Martin"]
[Black "Divis, Jan"]
[Result "0-1"]
[WhiteElo "1269"]
[BlackElo "1621"]
[PlyCount "80"]
[EventDate "2015.09.12"]
[EventType "swiss"]
[EventRounds "9"]
[EventCountry "CZE"]
[SourceTitle "EXT 2016"]
[Source "ChessBase"]
[SourceDate "2015.10.08"]
[SourceVersion "1"]
[SourceVersionDate "2015.10.08"]
[SourceQuality "1"]

1. e4 d5 2. exd5 Qxd5 3. Nc3 Qa5 4. d4 Nf6 5. Bd2 c6 6. Nf3 Bg4 7. h3 Bxf3 8. Qxf3 e6 9. a3 Nbd7 10. Bd3 Qb6 11. b4 Qxd4 12. 0-0 Ne5 13. Qg3 Nxd3 14. cxd3 Bd6 15. Qf3 Qe5 16. g3 Qh5 17. Qg2 Qg6 18. Ne4 Nxe4 19. dxe4 Be5 20. Rad1 Qf6 21. h4 Qe7 22. Qf3 0-0 23. Be3 b6 24. Kg2 Rfd8 25. Bf4 Bxf4 26. Qxf4 Rxd1 27. Rxd1 Rd8 28. Rc1 c5 29. b5 g6 30. Qe3 Rd4 31. Ra1 Qb7 32. f3 Qd7 33. Qf4 Rd2+ 34. Kh3 e5+ 35. Qg4 Qxb5 36. Qc8+ Kg7 37. Qb8 Qd7+ 38. g4 f6 39. Kg3 Qe7 40. a4 Rd8 0-1

[Event "Valasska Bystrice op"]
[Site "Valasska Bystrice"]
[Date "2015.09.13"]
[Round "2"]
[White "Hlavacek, Pavel"]
[Black "Svec, Martin"]
[Result "0-1"]
[WhiteElo "1716"]
[BlackElo "1269"]
[PlyCount "84"]
[EventDate "2015.09.12"]
[EventType "swiss"]
[EventRounds "9"]
[EventCountry "CZE"]
[SourceTitle "EXT 2016"]
[Source "ChessBase"]
[SourceDate "2015.10.08"]
[SourceVersion "1"]
[SourceVersionDate "2015.10.08"]
[SourceQuality "1"]

1. c4 e5 2. Nc3 Bc5 3. e3 Nc6 4. g3 Nf6 5. Bg2 d6 6. Nge2 0-0 7. 0-0 h6 8. b3 a6 9. Bb2 Bg4 10. f3 Bf5 11. d4 exd4 12. exd4 Ba7 13. Kh1 d5 14. c5 b6 15. Na4 Qe7 16. Rc1 b5 17. Nac3 Nb4 18. a3 Nd3 19. Rc2 Qe3 20. Bc1 Nf2+ 21. Rxf2 Qxf2 22. Rb2 Rae8 23. Ne4 Nxe4 24. fxe4 Rxe4 25. Qg1 Qxg1+ 26. Kxg1 Re7 27. Bxd5 Rfe8 28. Kf2 Be4 29. Bxe4 Rxe4 30. Kf3 g5 31. b4 c6 32. g4 Bb8 33. h3 Kg7 34. Rc2 Kg6 35. Bb2 Re3+ 36. Kf2 Rxh3 37. d5 cxd5 38. c6 Bc7 39. Kg2 Rhe3 40. Nd4 R8e4 41. Rf2 Rxg4+ 42. Kf1 Rf4 0-1

[Event "Valasska Bystrice op"]
[Site "Valasska Bystrice"]
[Date "2015.09.13"]
[Round "3"]
[White "Svec, Martin"]
[Black "Barinka, Miroslav"]
[Result "1/2-1/2"]
[WhiteElo "1269"]
[BlackElo "1727"]
[PlyCount "108"]
[EventDate "2015.09.12"]
[EventType "swiss"]
[EventRounds "9"]
[EventCountry "CZE"]
[SourceTitle "EXT 2016"]
[Source "ChessBase"]
[SourceDate "2015.10.08"]
[SourceVersion "1"]
[SourceVersionDate "2015.10.08"]
[SourceQuality "1"]

1. e4 b6 2. d4 Bb7 3. Nc3 g6 4. Nf3 Bg7 5. Bc4 e6 6. 0-0 Ne7 7. Bg5 0-0 8. Qd2 Nbc6 9. Bh6 a6 10. Bxg7 Kxg7 11. d5 Na5 12. Qd4+ Kg8 13. Bd3 c5 14. dxc6 Nexc6 15. Qe3 Qc7 16. e5 d6 17. exd6 Qd8 18. Qf4 b5 19. b3 Rc8 20. Ne4 f5 21. Nc5 Qf6 22. Nd7 Qg7 23. Nxf8 Rxf8 24. Rfe1 Re8 25. Ne5 Nxe5 26. Qxe5 Qd7 27. Rad1 Nc6 28. Qg3 e5 29. c4 f4 30. Qg5 Qxd6 31. cxb5 Nd4 32. Bc4+ Kg7 33. bxa6 Bc6 34. h4 h6 35. Rxd4 exd4 36. Qa5 Rxe1+ 37. Qxe1 Kf6 38. Bd3 g5 39. f3 Qd7 40. a4 g4 41. fxg4 Qxg4 42. Qf2 Qd1+ 43. Qf1 Qd2 44. a7 Qe3+ 45. Kh1 Qg3 46. Be2 Qh3+ 47. Kg1 Qe3+ 48. Qf2 Qc1+ 49. Bf1 Ke5 50. Qe2+ Kf5 51. Qh5+ Ke4 52. Qf3+ Ke5 53. Qe2+ Kf6 54. Qc4 Qe3+ 1/2-1/2

[Event "Valasska Bystrice op"]
[Site "Valasska Bystrice"]
[Date "2014.09.17"]
[Round "6"]
[White "Matoulek, Vaclav"]
[Black "Svec, Martin"]
[Result "1/2-1/2"]
[WhiteElo "1560"]
[BlackElo "1558"]
[PlyCount "43"]
[EventDate "2014.09.13"]
[EventType "swiss"]
[EventRounds "9"]
[EventCountry "CZE"]
[SourceTitle "CBM 162 Extra"]
[Source "ChessBase"]
[SourceDate "2014.10.17"]
[SourceVersion "1"]
[SourceVersionDate "2014.10.17"]
[SourceQuality "1"]

1. e4 c5 2. Nf3 Nf6 3. Nc3 e5 4. Bc4 Nc6 5. 0-0 Be7 6. a3 0-0 7. d3 a6 8. h3 b5 9. Ba2 Bb7 10. Bg5 h6 11. Bh4 d6 12. Nh2 Nd4 13. Ne2 d5 14. Nxd4 exd4 15. e5 Nh7 16. Bxe7 Qxe7 17. f4 f6 18. Ng4 f5 19. Nh2 g5 20. Qh5 Qg7 21. Rae1 c4 22. Rf3 1/2-1/2

[Event "Valasska Bystrice op"]
[Site "Valasska Bystrice"]
[Date "2014.09.14"]
[Round "3"]
[White "Svec, Martin"]
[Black "Glacner, Karel"]
[Result "1/2-1/2"]
[WhiteElo "1558"]
[BlackElo "1586"]
[PlyCount "135"]
[EventDate "2014.09.13"]
[EventType "swiss"]
[EventRounds "9"]
[EventCountry "CZE"]
[SourceTitle "CBM 162 Extra"]
[Source "ChessBase"]
[SourceDate "2014.10.17"]
[SourceVersion "1"]
[SourceVersionDate "2014.10.17"]
[SourceQuality "1"]

1. e4 e5 2. Nf3 Nc6 3. Bb5 Nd4 4. Nxd4 exd4 5. c3 Qg5 6. Bf1 Bc5 7. cxd4 Bxd4 8. d3 Qa5+ 9. Nc3 a6 10. Be2 Qc5 11. 0-0 Bxc3 12. bxc3 Qxc3 13. Bd2 Qa3 14. Qc2 Ne7 15. d4 d5 16. Rab1 Qd6 17. e5 Qg6 18. Qc3 h6 19. h3 0-0 20. f4 f5 21. Qa3 Qe6 22. Bb4 Rf7 23. Bh5 g6 24. Qg3 Kh7 25. Be2 b6 26. h4 Bb7 27. h5 Rg8 28. Bxe7 Rxe7 29. Rb3 Reg7 30. Rf2 Qe7 31. Qh3 Bc8 32. Rg3 g5 33. fxg5 f4 34. g6+ Kh8 35. Rg4 Bxg4 36. Qxg4 Qg5 37. Rxf4 Qxg4 38. Bxg4 Re8 39. e6 Kg8 40. Rf7 c5 41. dxc5 bxc5 42. Kf1 Rf8 43. Ke2 Rgxf7 44. exf7+ Kg7 45. Bf3 Rd8 46. Kd3 a5 47. a4 Rd6 48. g4 d4 49. g5 Rd8 50. gxh6+ Kxh6 51. Kc4 Rf8 52. Bg4 Rd8 53. Kxc5 d3 54. Kc4 Kg7 55. Kc3 d2 56. Bd1 Kh6 57. Kc4 Kg7 58. Kb5 Ra8 59. Bf3 Rd8 60. Bd1 Rd5+ 61. Kc6 Rf5 62. Kd6 Rf1 63. Ke7 Re1+ 64. Kd7 Rxd1 65. h6+ Kf8 66. Ke6 Re1+ 67. Kf6 Rf1+ 68. Ke6 1/2-1/2